| 000 | 01747nmm a2200457 a 4500 | ||
|---|---|---|---|
| 001 | ocm0001061860 | ||
| 003 | TR-IsHL | ||
| 005 | 20201028154957.0 | ||
| 008 | 150709s2014 tu tur | ||
| 007 | cr cn | ||
| 020 | _a9786051373485 | ||
| 035 |
_a1061860 _b(N$T) |
||
| 050 | 0 | 4 |
_aNA1455.M272 _bŞ46 2014 |
| 090 | 0 | 4 |
_aNA1455.M272 _bŞ46 2014 |
| 100 | 1 | _aŞencan, Hüner | |
| 245 | 1 | 0 |
_aÜsküb'ün tarih ve kültür nişânesi: Fâtih Sultan Mehmet Köprüsü _h[electronic resource] / _cHüner Şencan |
| 260 |
_aİstanbul : _bİstanbul Ticaret Odası, _c2014 |
||
| 300 | _a394 p. | ||
| 650 | 4 | _aTarih | |
| 650 | 4 | _aHistory | |
| 650 | 0 |
_aArchitecture, Ottoman _x Balkan Peninsula |
|
| 650 | 0 |
_aMimari, Osmanlı _x Balkan Yarımadası |
|
| 650 | 0 |
_aArchitecture, Islamic _x Balkan Peninsula |
|
| 650 | 0 |
_aMimari, İslami _x Balkan Yarımadası |
|
| 650 | 0 |
_aArchitecture _x Balkan Peninsula |
|
| 650 | 0 |
_aMimari _x Balkan Yarımadası |
|
| 650 | 0 |
_aArchitecture, Turkish _x Macedonia (Republic) _x Skopje |
|
| 650 | 0 |
_aMimari, Türk _x Makedonya (Cumhuriyeti) |
|
| 650 | 0 |
_aArchitecture, Turkish _x History |
|
| 650 | 0 |
_aMimari, Türk _x Tarih |
|
| 650 | 0 |
_aSkopje (Macedonia) _x History |
|
| 650 | 0 |
_aMakedonya _x Tarih |
|
| 650 | 0 |
_aArchitecture, Ottoman _x Balkan Peninsula |
|
| 650 | 0 |
_aMimari, Osmanlı _x Balkan Yarımadası |
|
| 650 | 0 |
_aArchitecture, Islamic _x Balkan Peninsula |
|
| 650 | 0 |
_aMimari, İslami _x Balkan Yarımadası |
|
| 650 | 0 |
_aArchitecture _x Balkan Peninsula |
|
| 650 | 0 |
_aMimari _x Balkan Yarımadası |
|
| 650 | 7 |
_aARCHITECTURE / Buildings / General _2bisacsh |
|
| 856 | 4 | 0 | _uhttp://search.ebscohost.com/login.aspx?direct=true&scope=site&db=e011xww&AN=1061860 |
| 999 |
_c12849 _d12849 |
||